000 00485nam a2200181Ia 4500
005 20250326130222.0
008 250326s9999 xx 000 0 und d
037 _aTextbook
040 _aFMSL
_beng
_cFMSL
041 _aeng
_2eng
084 _qFMSL
100 _aP A Management Consultats Ltd
245 0 _aOperative training
_cP A Management Consultats Ltd
260 _aLondon
_bLondon, Business Books
_c1967
300 _a236p
942 _cTB
999 _c1281507
_d1281507